00468 2200169 4500001002100000005001700021008004100038020001800079035002500097041000700122082001300129090001900142100001700161245005300178260004500231650002200276INLIS0000000000043280:yyyyMMddHHmmss180719||||||||| | ||| |||| || |  a979-22-3141-2 a0010-031300000004328 aid0 a641.8654 a641.8654 HID j0 akoko hidayat00aJapanese crunchy cookies : kue kering ala jepang aJakartabPT Gramedia pustaka utamac2007 0akue kering jepang